000 00742nam a2200241Ia 4500
003 OSt
005 20220925212428.0
006 a|||||r|||| 00| 0
007 ta
008 220923b |||||||| |||| 00| 0 eng d
037 _cGeneral Book
040 _aRTL
_cRTL
_beng
041 _2eng
_aeng
082 _aX:97D.30J55.N8, M4
100 _aGourevitch Peter
_913387
245 0 _aUnions and economic crisis
_b Britain,West Germany
260 _aLondon
_bAllen & Unwin
_c1984
300 _aviii,394p
_ccm.
490 _aHarvard Center For European Studies Project On European Trade Union
650 _aTrade Unions
942 _hX:97D.30J55.N8, M4
_cGB
_2CC
999 _c560307
_d560307